000 00671nam a2200253Ia 4500
003 OSt
005 20220927111338.0
006 a|||||r|||| 00| 0
007 ta
008 220926b |||||||| |||| 00| 0 eng d
024 _a116020
037 _cReports
040 _aRTL
_cRTL
_beng
041 _2eng
_aeng
082 _a"L:5.275r, G4/GD"
110 _a"BENGAL, PUBLIC HEALTH(Deptt of-)"
_9381926
245 0 _aAnnual report
260 _aAlipore
_bGovt Press India
_c1934
490 _v1935
650 _aMedicine
700 _a"BENGAL, PUBLIC HEALTH(Deptt of-)"
_9381927
942 _h"L:5.275r, G4/GD"
_cCC
999 _c699011
_d699011